[Event "IV Weekend Hotel Corallo A"]
[Site "Imperia ITA"]
[Date "2009.11.20"]
[Round "1"]
[White "Mazzeo, Gabriele"]
[Black "Cocuzzi, Edoardo"]
[Result "0-1"]
[WhiteElo "1772"]
[BlackElo "1972"]
[PlyCount "116"]
[EventDate "2009.11.20"]

1. e4 e5 2. Nf3 Nc6 3. d4 exd4 4. Nxd4 Bc5 5. Be3 Qf6 6. c3 d6 7. f3 Nge7 8.
Bc4 O-O 9. Qd2 a6 10. Nxc6 Nxc6 11. Bxc5 dxc5 12. O-O Be6 13. Bxe6 Qxe6 14. Qf2
c4 15. Na3 Rfd8 16. Rfd1 Rd3 17. Rxd3 cxd3 18. b3 Rd8 19. Nc4 b5 20. Nb2 Qe5
21. Qd2 b4 22. c4 Qc3 23. Rd1 f6 24. Na4 Qe5 25. Qe3 f5 26. Rxd3 Qa1+ 27. Kf2
Qxa2+ 28. Kg3 f4+ 29. Kxf4 Qxg2 30. Rxd8+ Nxd8 31. Qd3 Qxh2+ 32. Ke3 Qh6+ 33.
Ke2 Qd6 34. Qd5+ Qxd5 35. cxd5 Nb7 36. f4 Kf7 37. e5 g6 38. Ke3 h5 39. Kf3 Ke7
40. Kg3 Kd7 41. Kh4 c6 42. d6 Ke6 43. Kg5 a5 44. Nb2 Nc5 45. Nc4 Nxb3 46. Kxg6
Nd4 47. Kxh5 a4 48. d7 Ke7 49. Kg6 a3 50. f5 a2 51. f6+ Kxd7 52. f7 Ne6 53.
Nb6+ Ke7 54. Nc8+ Kf8 55. Kf6 Nd8 56. e6 a1=Q+ 57. Kf5 Nxf7 58. e7+ Ke8 0-1

[Event "IV Weekend Hotel Corallo A"]
[Site "Imperia ITA"]
[Date "2009.11.20"]
[Round "1"]
[White "Mollero, Michele"]
[Black "Rossi Cassani, Gianni"]
[Result "1/2-1/2"]
[WhiteElo "2181"]
[BlackElo "1806"]
[PlyCount "42"]
[EventDate "2009.11.20"]

1. d4 g6 2. Nf3 Bg7 3. g3 b6 4. Bg2 Bb7 5. O-O d6 6. c4 e6 7. Nc3 Nd7 8. e4 a6
9. Re1 Ne7 10. h4 h6 11. Bf4 Nf6 12. Qd2 Nh5 13. Be3 Nf6 14. d5 e5 15. Nh2 Bc8
16. b4 Bd7 17. c5 bxc5 18. bxc5 dxc5 19. Rab1 Nc8 20. Bxc5 Nd6 21. f3 O-O
1/2-1/2

[Event "IV Weekend Hotel Corallo A"]
[Site "Imperia ITA"]
[Date "2009.11.20"]
[Round "1"]
[White "Nanni, Sergio"]
[Black "Mazzetta, Renato"]
[Result "1/2-1/2"]
[WhiteElo "1702"]
[BlackElo "1913"]
[PlyCount "64"]
[EventDate "2009.11.20"]

1. e4 d5 2. exd5 Qxd5 3. Nc3 Qd6 4. d4 Nf6 5. Nf3 Bg4 6. Be2 c6 7. h3 Bh5 8.
O-O e6 9. Ne5 Bxe2 10. Nxe2 Qc7 11. Bf4 Bd6 12. c4 Nbd7 13. c5 Bxe5 14. dxe5
Nd5 15. Re1 Nxc5 16. Bh2 O-O 17. Qc2 Qe7 18. Nd4 Rfd8 19. Rac1 Na6 20. a3 Nac7
21. Nf3 a5 22. Re4 Rd7 23. Bg3 Rad8 24. h4 h5 25. Ra4 Nb6 26. Rxa5 Rd3 27. Bf4
R8d5 28. Rxd5 Rxd5 29. Ng5 g6 30. Ne4 Ne8 31. Be3 Nd7 32. Bg5 Qf8 1/2-1/2

[Event "IV Weekend Hotel Corallo A"]
[Site "Imperia ITA"]
[Date "2009.11.20"]
[Round "1"]
[White "Pesce, Leandro"]
[Black "Tomassoni, Leonardo"]
[Result "1/2-1/2"]
[WhiteElo "1714"]
[BlackElo "1952"]
[PlyCount "79"]
[EventDate "2009.11.20"]

1. e4 c5 2. Nc3 d6 3. Nf3 Nf6 4. Bc4 e6 5. O-O a6 6. a4 Nc6 7. d4 cxd4 8. Nxd4
Be7 9. Nxc6 bxc6 10. a5 O-O 11. Be3 c5 12. f4 Bb7 13. e5 Ne4 14. Nxe4 Bxe4 15.
exd6 Bxd6 16. Qe2 Bb7 17. Rfd1 Qc7 18. Qf2 Rad8 19. b3 Be7 20. Bd3 g6 21. h3
Qc6 22. Re1 Bh4 23. Qe2 Bxe1 24. Rxe1 Rd7 25. Qf2 Rc8 26. Re2 Qc7 27. Bd2 Rd4
28. Be3 Rxd3 29. cxd3 Qxa5 30. Rb2 Bd5 31. d4 cxd4 32. Bxd4 Qb4 33. Qe3 Qd6 34.
b4 Rd8 35. Bc5 Qc7 36. Bb6 Qc8 37. Bxd8 Qxd8 38. Qc5 Qf6 39. Qf2 Qf5 40. Qd4
1/2-1/2

[Event "IV Weekend Hotel Corallo A"]
[Site "Imperia ITA"]
[Date "2009.11.20"]
[Round "1"]
[White "Roversi, Stefano"]
[Black "Barletta, Mauro"]
[Result "0-1"]
[WhiteElo "1817"]
[BlackElo "2210"]
[PlyCount "28"]
[EventDate "2009.11.20"]

1. e4 d5 2. Nc3 d4 3. Nce2 e5 4. Nf3 Nc6 5. Ng3 h5 6. Bb5 h4 7. Bxc6+ bxc6 8.
Nf1 h3 9. gxh3 Rxh3 10. Nxe5 Qg5 11. Nf3 Qg2 12. Ng3 Rxg3 13. Rg1 Qxg1+ 14.
Nxg1 Rxg1+ 0-1

[Event "IV Weekend Hotel Corallo A"]
[Site "Imperia ITA"]
[Date "2009.11.20"]
[Round "1"]
[White "Salerno, Luciano"]
[Black "Ruggeri, Claudio"]
[Result "1/2-1/2"]
[WhiteElo "1682"]
[BlackElo "1879"]
[PlyCount "75"]
[EventDate "2009.11.20"]

1. d4 e6 2. c4 Nf6 3. Nf3 d5 4. Nc3 dxc4 5. Bg5 Be7 6. e4 O-O 7. e5 Nfd7 8.
Bxe7 Qxe7 9. Bxc4 a6 10. Qe2 b5 11. Bd3 f5 12. exf6 Nxf6 13. O-O Bb7 14. Ne4
Nbd7 15. Nfg5 h6 16. Nxf6+ Rxf6 17. Ne4 Rf7 18. Rac1 Nb6 19. Nc5 Bd5 20. Rfe1
Qg5 21. Ne4 Qe7 22. Nc5 Rf6 23. Ne4 Rff8 24. Nc5 Rfe8 25. Bg6 Qg5 26. Be4 Qf6
27. Qg4 Rf8 28. Bxd5 Qxf2+ 29. Kh1 exd5 30. Nd3 Qf7 31. Ne5 Qf5 32. Qxf5 Rxf5
33. Rxc7 Rf2 34. h3 Rxb2 35. Nd3 Rxa2 36. Ree7 Ra1+ 37. Kh2 Rf1 38. Rxg7+
1/2-1/2

[Event "IV Weekend Hotel Corallo A"]
[Site "Imperia ITA"]
[Date "2009.11.20"]
[Round "1"]
[White "Tortorella, Giancarlo"]
[Black "Fassi, Filippo"]
[Result "0-1"]
[WhiteElo "1858"]
[BlackElo "1668"]
[PlyCount "78"]
[EventDate "2009.11.20"]

1. e4 e5 2. Bc4 Nf6 3. Nf3 Nxe4 4. Nc3 Nf6 5. Nxe5 d5 6. Bb3 Be6 7. d4 Be7 8.
O-O O-O 9. Ne2 c5 10. c3 Nbd7 11. Nf4 Bd6 12. Nxe6 fxe6 13. f4 Ne4 14. Qg4 Qe7
15. Nxd7 Rf7 16. Ne5 Bxe5 17. dxe5 c4 18. Bc2 Qc5+ 19. Kh1 Nf2+ 20. Rxf2 Qxf2
21. Qd1 Raf8 22. Bd2 g5 23. Qe1 Qc5 24. Be3 Qc7 25. Qg3 Qe7 26. h4 Kh8 27. hxg5
Rg7 28. b3 b5 29. bxc4 bxc4 30. Rb1 Qa3 31. Bd4 Qxa2 32. Qf2 Rxg5 33. Rb7 Qa1+
34. Bb1 Rh5+ 35. Kg1 Qa4 36. Qf3 Rh6 37. g3 Qa3 38. Kg2 Qc1 39. Qe3 Qh1+ 0-1

[Event "IV Weekend Hotel Corallo A"]
[Site "Imperia ITA"]
[Date "2009.11.20"]
[Round "1"]
[White "Volpara, Riccardo"]
[Black "Pedemonte, Claudio"]
[Result "0-1"]
[WhiteElo "1577"]
[BlackElo "1837"]
[PlyCount "122"]
[EventDate "2009.11.20"]

1. e4 d5 2. exd5 Qxd5 3. Nc3 Qa5 4. d4 Nf6 5. Bd2 c6 6. Ne4 Qc7 7. Nxf6+ gxf6
8. Bc4 Bf5 9. Qh5 Bg6 10. Qf3 Nd7 11. c3 e6 12. Ne2 O-O-O 13. Nf4 Bd6 14. O-O
f5 15. h3 Nf6 16. Bd3 Ne4 17. Bxe4 fxe4 18. Qe3 Kb8 19. Nxg6 hxg6 20. Qxe4 Rh7
21. Bg5 Rdh8 22. Bf6 Bh2+ 23. Kh1 Rxh3 24. gxh3 Rxh3 25. Qg2 Rh5 26. f4 Bxf4+
27. Kg1 Be3+ 28. Rf2 Ka8 29. Be5 Qe7 30. Re1 Bxf2+ 31. Qxf2 Rf5 32. Qe3 Qh4 33.
Bg3 Qh3 34. Bf4 Qg4+ 35. Qg3 Qxf4 36. Qxf4 Rxf4 37. Kg2 a6 38. Rh1 Ka7 39. Kg3
Rf5 40. b4 Kb6 41. c4 a5 42. a3 Rg5+ 43. Kf3 axb4 44. axb4 Kc7 45. Rh7 Rf5+ 46.
Ke4 Kd6 47. Rh8 g5 48. Rg8 b6 49. Rb8 Kc7 50. Rg8 c5 51. dxc5 bxc5 52. b5 Rf4+
53. Kd3 Rd4+ 54. Kc3 g4 55. Rh8 g3 56. Rh1 f5 57. Rh7+ Kb6 58. Rh6 Rd6 59. Rg6
f4 60. Rf6 g2 61. Rxf4 g1=Q 0-1

[Event "IV Weekend Hotel Corallo A"]
[Site "Imperia ITA"]
[Date "2009.11.21"]
[Round "2"]
[White "Barletta, Mauro"]
[Black "Lanteri, Nicolas"]
[Result "1-0"]
[WhiteElo "2210"]
[BlackElo "1939"]
[PlyCount "43"]
[EventDate "2009.11.20"]

1. e4 d5 2. exd5 Qxd5 3. Nc3 Qa5 4. b4 Qe5+ 5. Be2 Nf6 6. Nf3 Qd6 7. O-O Bg4 8.
Nb5 Qd8 9. d4 e6 10. Ne5 Bxe2 11. Qxe2 Nbd7 12. Re1 Nxe5 13. dxe5 Nd7 14. Bg5
Be7 15. Bxe7 Kxe7 16. Rad1 Re8 17. Qc4 Qb8 18. Rxd7+ Kxd7 19. Rd1+ Kc8 20. Nd6+
Kd7 21. Nxb7+ Kc8 22. Qc6 1-0

[Event "IV Weekend Hotel Corallo A"]
[Site "Imperia ITA"]
[Date "2009.11.21"]
[Round "2"]
[White "Carzolio, Luigi"]
[Black "Mazzeo, Gabriele"]
[Result "1-0"]
[WhiteElo "1969"]
[BlackElo "1772"]
[PlyCount "113"]
[EventDate "2009.11.20"]

1. Nf3 d5 2. g3 Nf6 3. Bg2 e6 4. O-O Be7 5. d3 O-O 6. Nbd2 Nbd7 7. e4 dxe4 8.
dxe4 c6 9. e5 Nd5 10. a3 Bc5 11. c4 Ne7 12. b4 Bb6 13. Bb2 Ng6 14. Qe2 c5 15.
h4 Qc7 16. h5 Ne7 17. b5 a6 18. a4 Ba5 19. Ne4 Nf5 20. Rfd1 Rb8 21. Nd6 Nb6 22.
Qe4 Rd8 23. Ng5 h6 24. Ngxf7 Rf8 25. Nxc8 Nxc8 26. Nd6 Nfxd6 27. exd6 Qf7 28.
f4 Rd8 29. Qe5 Nb6 30. Rac1 Nd7 31. Qe2 Nf6 32. Bf3 Rd7 33. Rd3 Rbd8 34. Rcd1
axb5 35. axb5 Bb6 36. Be5 Ne8 37. Bg4 Kh7 38. Qe4+ Kg8 39. Qg6 Qxg6 40. hxg6
Ba5 41. Bxe6+ Kf8 42. Bxd7 Rxd7 43. Kg2 b6 44. Kf3 Bb4 45. Ke4 Ba5 46. Kd5 Nf6+
47. Bxf6 gxf6 48. Ke6 Ke8 49. Kxf6 Kf8 50. Re3 h5 51. Rdd3 h4 52. gxh4 Rg7 53.
d7 Bc3+ 54. Rxc3 Rf7+ 55. Kg5 Rxd7 56. Rcd3 Rc7 57. h5 1-0

[Event "IV Weekend Hotel Corallo A"]
[Site "Imperia ITA"]
[Date "2009.11.21"]
[Round "2"]
[White "Cocuzzi, Edoardo"]
[Black "Lezzerini, Marco"]
[Result "1-0"]
[WhiteElo "1972"]
[BlackElo "1575"]
[PlyCount "71"]
[EventDate "2009.11.20"]

1. e4 e6 2. d4 d5 3. exd5 exd5 4. Bd3 Bd6 5. h3 h6 6. Be3 Nf6 7. c3 c6 8. Nd2
Be6 9. Ne2 Qc7 10. Qc2 Nbd7 11. O-O-O O-O-O 12. f4 Rde8 13. Nf1 Ne4 14. Bxe4
dxe4 15. g4 f5 16. d5 Bxd5 17. gxf5 Bc4 18. Nfg3 Bxe2 19. Nxe2 Rhf8 20. Qd2 Bc5
21. Nd4 Bxd4 22. Qxd4 Nb6 23. Rhg1 Rg8 24. a4 Qe7 25. a5 Rd8 26. Qe5 Rxd1+ 27.
Kxd1 Qxe5 28. fxe5 Nc4 29. Bd4 Nxb2+ 30. Ke2 Na4 31. f6 g5 32. f7 Rf8 33. e6
Kd8 34. Bf6+ Kc7 35. Be7 Nxc3+ 36. Kd2 1-0

[Event "IV Weekend Hotel Corallo A"]
[Site "Imperia ITA"]
[Date "2009.11.21"]
[Round "2"]
[White "Coqueraut, Jean Dominique"]
[Black "Volpara, Riccardo"]
[Result "1-0"]
[WhiteElo "1820"]
[BlackElo "1577"]
[PlyCount "99"]
[EventDate "2009.11.20"]

1. d4 Nf6 2. c4 c5 3. e3 g6 4. Nc3 d6 5. dxc5 Qa5 6. cxd6 Ne4 7. dxe7 Bxe7 8.
Bd2 Nxd2 9. Qxd2 O-O 10. Bd3 Be6 11. Nge2 Qc7 12. b3 Rd8 13. Nd4 Qd7 14. Nxe6
fxe6 15. Rd1 Bb4 16. O-O Qg7 17. Rc1 Nc6 18. Qc2 Ne5 19. Be2 Rd7 20. Rfd1 Rxd1+
21. Bxd1 Rd8 22. Be2 a6 23. Rd1 Rxd1+ 24. Nxd1 Qf6 25. f4 Nc6 26. Bf3 Kf7 27.
Bxc6 bxc6 28. g4 Bc5 29. Kg2 Qh4 30. Qe2 h6 31. h3 Bb4 32. Nf2 Qd8 33. Nd3 Bd6
34. c5 Bb8 35. b4 Bc7 36. a4 Qd5+ 37. e4 Qd4 38. e5 Qa1 39. a5 Qd4 40. Qf3 Qd7
41. Qe4 Qd5 42. Qxd5 exd5 43. f5 gxf5 44. gxf5 Bd8 45. Kf3 Bg5 46. Ke2 Ke7 47.
Ne1 Kf7 48. Kd3 Kg7 49. Nf3 Bd8 50. Nd4 1-0

[Event "IV Weekend Hotel Corallo A"]
[Site "Imperia ITA"]
[Date "2009.11.21"]
[Round "2"]
[White "Fassi, Filippo"]
[Black "Faraci, Antonino"]
[Result "0-1"]
[WhiteElo "1668"]
[BlackElo "1996"]
[PlyCount "100"]
[EventDate "2009.11.20"]

1. e4 d6 2. d4 c6 3. Nc3 Nd7 4. f4 Qc7 5. Nf3 e5 6. Bd3 exf4 7. Bxf4 Ngf6 8.
Bc4 Be7 9. O-O b5 10. Bd3 b4 11. Ne2 O-O 12. Ng3 Re8 13. Nf5 Bf8 14. Ng3 c5 15.
d5 c4 16. Be2 Nxe4 17. Nxe4 Rxe4 18. Ng5 Re7 19. Bg3 h6 20. Nh3 Bb7 21. Kh1
Rae8 22. Bf3 Ne5 23. Bh5 g6 24. Be2 Bg7 25. Nf4 Qa5 26. Be1 Nd7 27. Bxc4 Nb6
28. Bb3 Bxb2 29. Rb1 Be5 30. a3 Ba6 31. Bxb4 Qb5 32. Qf3 Bxf4 33. Qxf4 Nxd5 34.
Bxd5 Qxd5 35. Rbd1 Qb7 36. h3 Bxf1 37. Rxf1 Re2 38. Rf3 Rxc2 39. Bxd6 Re1+ 40.
Kh2 Ree2 41. Qg3 Rxg2+ 42. Qxg2 Rxg2+ 43. Kxg2 f5 44. h4 Qd5 45. Bf4 Kh7 46.
Kg3 Qd1 47. Kg2 Qe2+ 48. Kg3 Qe1+ 49. Kh3 Qg1 50. Bg3 Qh1+ 0-1

[Event "IV Weekend Hotel Corallo A"]
[Site "Imperia ITA"]
[Date "2009.11.21"]
[Round "2"]
[White "Lo Dico, Angela"]
[Black "Roversi, Stefano"]
[Result "1/2-1/2"]
[WhiteElo "1703"]
[BlackElo "1817"]
[PlyCount "117"]
[EventDate "2009.11.20"]

1. f4 c5 2. Nf3 Nc6 3. e3 Nf6 4. Be2 d5 5. O-O g6 6. c4 d4 7. exd4 cxd4 8. d3
Bg7 9. Nbd2 O-O 10. Rb1 a5 11. a4 Ng4 12. Ne4 Nh6 13. h3 Nf5 14. g4 Ne3 15.
Bxe3 dxe3 16. Kh2 h5 17. gxh5 Qd7 18. Ng1 Nd4 19. Ng3 Ra6 20. Bg4 f5 21. Be2
Rd8 22. hxg6 Nxe2 23. Qxe2 Qxd3 24. Qh5 Qc2+ 25. N1e2 Rd2 26. Rbe1 Qxb2 27. Rg1
Bd7 28. Rg2 Be8 29. Nxf5 Qf6 30. Qh7+ Kf8 31. Nxg7 Qxg7 32. Qxg7+ Kxg7 33. f5
Rc6 34. Nf4 Rxg2+ 35. Kxg2 Rxc4 36. Nh5+ Kg8 37. Rxe3 Rc2+ 38. Kg3 Rc7 39. h4
Bxa4 40. Nf4 Bc2 41. Nd5 Rd7 42. Nxe7+ Kg7 43. Nc8 Bxf5 44. h5 Kh6 45. Ne7 Bc2
46. Re5 Rd3+ 47. Kf2 Rd7 48. Nf5+ Bxf5 49. Rxf5 a4 50. Rb5 a3 51. Ra5 Rd2+ 52.
Kf3 a2 53. Kg4 Re2 54. Kf3 Rb2 55. Ke3 Rh2 56. Kd3 b5 57. Kc3 Kxh5 58. g7 Rg2
59. Kb3 1/2-1/2

[Event "IV Weekend Hotel Corallo A"]
[Site "Imperia ITA"]
[Date "2009.11.21"]
[Round "2"]
[White "Mazzetta, Renato"]
[Black "Salerno, Luciano"]
[Result "1-0"]
[WhiteElo "1913"]
[BlackElo "1682"]
[PlyCount "51"]
[EventDate "2009.11.20"]

1. e4 c6 2. d4 d5 3. exd5 cxd5 4. Bd3 Nc6 5. c3 Nf6 6. Bf4 Bg4 7. Nf3 e6 8.
Nbd2 Be7 9. Qb3 Qc8 10. O-O O-O 11. Rfe1 Na5 12. Qc2 Bh5 13. Ne5 Bg6 14. Nxg6
hxg6 15. Nf3 Nc4 16. Ne5 b5 17. Re2 Nh5 18. Bd2 Qc7 19. f4 Rfc8 20. Rf1 Rab8
21. Nxf7 Nxd2 22. Rxd2 Nxf4 23. Bxg6 Nxg6 24. Qxg6 Bf6 25. Rxf6 Rf8 26. Rdf2
1-0

[Event "IV Weekend Hotel Corallo A"]
[Site "Imperia ITA"]
[Date "2009.11.21"]
[Round "2"]
[White "Moschetto, Giuliano"]
[Black "Formento, Paolo"]
[Result "1-0"]
[WhiteElo "1695"]
[BlackElo "1779"]
[PlyCount "195"]
[EventDate "2009.11.20"]

1. c4 c5 2. Nf3 Nf6 3. b3 g6 4. Bb2 Bg7 5. g3 Nc6 6. Bg2 O-O 7. O-O d5 8. cxd5
Nxd5 9. Bxg7 Kxg7 10. Nc3 Nxc3 11. dxc3 e5 12. Qc2 Qc7 13. Rfd1 h6 14. Rd2 Be6
15. Rad1 Rad8 16. Nh4 f5 17. Bxc6 bxc6 18. Rxd8 Rxd8 19. Rxd8 Qxd8 20. Nf3 e4
21. Qd2 Qf6 22. Ne1 Qe5 23. Qc2 c4 24. b4 a5 25. a3 axb4 26. axb4 g5 27. Qd2
Bd5 28. e3 h5 29. Nc2 h4 30. Qd4 Kf6 31. Qxe5+ Kxe5 32. gxh4 gxh4 33. Kg2 Kf6
34. Kh3 Kg5 35. Nd4 Kh5 36. Ne2 Bf7 37. Nf4+ Kg5 38. Ng2 Be6 39. Nf4 Bd7 40.
Kg2 Bc8 41. f3 Bd7 42. Nh3+ Kf6 43. f4 Be8 44. Nf2 Kg6 45. Nd1 Kh5 46. Nb2 Bf7
47. Na4 Kg6 48. Nc5 Be8 49. Kh3 Kh5 50. Ne6 Bf7 51. Nd4 Be8 52. Ne6 Bf7 53. Ng5
Bg8 54. Kg2 Kg6 55. Kf2 Kf6 56. Ke2 Ke7 57. Kd2 Kd6 58. Kc2 Kc7 59. Nh3 Be6 60.
Ng1 Bd7 61. Ne2 Be6 62. Kb2 Kb6 63. Ka3 Ka6 64. Nd4 Bd7 65. Ne2 Be6 66. Ng1 Bf7
67. Nh3 Be6 68. Ng5 Bg8 69. Ka4 Kb6 70. Nh3 Be6 71. Nf2 Bf7 72. Nd1 Be6 73. Nb2
Bf7 74. Ka3 Bd5 75. Na4+ Ka6 76. Nc5+ Kb6 77. Nd7+ Ka6 78. Ne5 Kb6 79. Ng6 h3
80. Ne5 Ka6 81. Ka4 Kb6 82. Nd7+ Kc7 83. Nf6 Bf7 84. Nh7 Bh5 85. Ka5 Kd6 86.
Kb6 Be2 87. Ng5 Bf1 88. Nf7+ Kd5 89. Ne5 Kd6 90. Nxc6 Bd3 91. Ne5 Kd5 92. Kb5
Be2 93. Ka5 Bh5 94. b5 Be8 95. b6 Kd6 96. Ka6 Kc5 97. b7 Bb5+ 98. Ka5 1-0

[Event "IV Weekend Hotel Corallo A"]
[Site "Imperia ITA"]
[Date "2009.11.21"]
[Round "2"]
[White "Pedemonte, Claudio"]
[Black "Ljubisavljevic, Zivojin Z."]
[Result "0-1"]
[WhiteElo "1837"]
[BlackElo "2287"]
[PlyCount "42"]
[EventDate "2009.11.20"]

1. c4 e5 2. g3 f5 3. d3 Nf6 4. Bg2 c6 5. Nc3 Bb4 6. e4 Bxc3+ 7. bxc3 d6 8. Ne2
fxe4 9. dxe4 Na6 10. O-O Nc5 11. Qc2 Be6 12. Ba3 Bxc4 13. Bxc5 dxc5 14. Rfd1
Qe7 15. Rab1 O-O 16. a4 Rf7 17. Rd2 Ng4 18. Nc1 Rd8 19. Rxd8+ Qxd8 20. f3 Ne3
21. Qf2 Qd1+ 0-1

[Event "IV Weekend Hotel Corallo A"]
[Site "Imperia ITA"]
[Date "2009.11.21"]
[Round "2"]
[White "Pesce, Gabriele"]
[Black "Biancotti, Alessandro"]
[Result "1-0"]
[WhiteElo "2143"]
[BlackElo "1912"]
[PlyCount "153"]
[EventDate "2009.11.20"]

1. e4 c5 2. Nc3 Nc6 3. f4 g6 4. Nf3 d6 5. Bc4 Bg7 6. d3 e6 7. O-O Nge7 8. f5
O-O 9. Qe1 Nd4 10. Qh4 Nec6 11. Bg5 f6 12. fxe6 Bxe6 13. Bxe6+ Nxe6 14. Be3 Nb4
15. Rf2 b6 16. Qg4 Nc7 17. a3 Nc6 18. h4 Qe7 19. Re1 Rad8 20. h5 Qe8 21. Bf4
Ne5 22. Bxe5 dxe5 23. hxg6 Qxg6 24. Qh3 Qh6 25. Nh4 Rde8 26. Nf5 Qxh3 27. gxh3
Kh8 28. Nd5 Nxd5 29. exd5 Rg8 30. Rg2 Bf8 31. Rxg8+ Kxg8 32. Kf2 Kf7 33. Kf3
Be7 34. Rg1 Bf8 35. Ke4 Rd8 36. h4 b5 37. Rg3 a5 38. h5 Rc8 39. c4 b4 40. a4
Rd8 41. d6 Bxd6 42. Rg7+ Ke6 43. h6 Rh8 44. Ra7 Bf8 45. Rxa5 Rg8 46. Ra6+ Kf7
47. Ra7+ Ke6 48. Ng7+ Bxg7 49. Rxg7 f5+ 50. Ke3 Rh8 51. a5 Ra8 52. Rxh7 Rxa5
53. Rh8 Kf6 54. h7 Kg7 55. Re8 Kxh7 56. Rxe5 Kg6 57. Kf4 Ra2 58. Rxf5 Rxb2 59.
Rxc5 Kf6 60. Rc6+ Ke7 61. Ke5 Re2+ 62. Kd5 b3 63. Rb6 b2 64. Kd4 Rc2 65. Kc5
Kd7 66. d4 Kc7 67. Rb5 Rg2 68. d5 Rc2 69. Kd4 Kd6 70. Kd3 Rc1 71. Rxb2 Kc5 72.
Rb5+ Kd6 73. Rb6+ Kc7 74. Rc6+ Kd7 75. Kd4 Rd1+ 76. Kc5 Rc1 77. Rh6 1-0

[Event "IV Weekend Hotel Corallo A"]
[Site "Imperia ITA"]
[Date "2009.11.21"]
[Round "2"]
[White "Restifo, Katiuscia"]
[Black "Tortorella, Giancarlo"]
[Result "1-0"]
[WhiteElo "1778"]
[BlackElo "1858"]
[PlyCount "57"]
[EventDate "2009.11.20"]

1. d4 Nf6 2. Nf3 g6 3. e3 Bg7 4. Nbd2 O-O 5. b3 d5 6. Bd3 Nc6 7. a3 Re8 8. Bb2
Nd7 9. O-O Nc5 10. Bb5 Ne4 11. Nxe4 dxe4 12. Ne5 Bd7 13. Nxd7 Qxd7 14. c4 Red8
15. Qc2 Qg4 16. h3 Qh4 17. Bxc6 bxc6 18. Rad1 e6 19. b4 Rab8 20. Qe2 Rb7 21.
Bc3 f5 22. f4 Kf7 23. Be1 Qh6 24. Qf2 Bf6 25. c5 e5 26. fxe5 Bxe5 27. Qh4 Qxh4
28. Bxh4 g5 29. Rxf5+ 1-0

[Event "IV Weekend Hotel Corallo A"]
[Site "Imperia ITA"]
[Date "2009.11.21"]
[Round "2"]
[White "Rossi Cassani, Gianni"]
[Black "Giacometto, Mario"]
[Result "0-1"]
[WhiteElo "1806"]
[BlackElo "1954"]
[PlyCount "28"]
[EventDate "2009.11.20"]

1. e4 e6 2. d4 d5 3. e5 c5 4. c3 Nc6 5. Nf3 Bd7 6. Be2 f6 7. exf6 Nxf6 8. Bf4
Qb6 9. b3 cxd4 10. cxd4 Bb4+ 11. Kf1 O-O 12. Be5 Ng4 13. Bg3 Rae8 14. Ng5 Ne3+
0-1

[Event "IV Weekend Hotel Corallo A"]
[Site "Imperia ITA"]
[Date "2009.11.21"]
[Round "2"]
[White "Ruggeri, Claudio"]
[Black "Pesce, Leandro"]
[Result "1/2-1/2"]
[WhiteElo "1879"]
[BlackElo "1714"]
[PlyCount "136"]
[EventDate "2009.11.20"]

1. d4 Nf6 2. c4 e6 3. Nc3 c5 4. e3 g6 5. Nf3 b6 6. Be2 Bb7 7. O-O Bg7 8. dxc5
bxc5 9. Nb5 d5 10. Qb3 O-O 11. Rd1 a6 12. Nc3 Qc7 13. h3 Nbd7 14. Ne1 Nb6 15.
cxd5 Nfxd5 16. Bd2 Nxc3 17. Bxc3 Bd5 18. Qc2 Qe7 19. Ba5 Nd7 20. Rac1 Qg5 21.
Nf3 Qe7 22. b3 Rfc8 23. e4 Bc6 24. Nd2 Bb5 25. Nc4 Bxc4 26. Bxc4 Bd4 27. Bc3 e5
28. Qe2 Qf6 29. Rd3 Qe7 30. Rf3 Nf6 31. Bd2 Rc6 32. Bg5 Ra7 33. Bd5 Rd6 34. b4
Rc7 35. b5 axb5 36. Qxb5 Kg7 37. a4 h6 38. Bxf6+ Rxf6 39. Rxf6 Qxf6 40. Rc2 Qd6
41. a5 c4 42. Rxc4 Rxc4 43. Qxc4 Qf6 44. Qa2 Qe7 45. a6 Qd7 46. Bb7 Ba7 47. Qb3
Qd4 48. Qc2 Qa1+ 49. Kh2 Qe1 50. Kg3 g5 51. Kf3 h5 52. g3 Qh1+ 53. Ke2 Qxh3 54.
Qc3 Bd4 55. Qxd4 exd4 56. a7 d3+ 57. Kd2 Qf1 58. a8=Q Qe2+ 59. Kc3 Qc2+ 60. Kb4
d2 61. Qa1+ Kh7 62. Qf6 Qb1+ 63. Kc4 Qa2+ 64. Kb5 d1=Q 65. Qf5+ Kg7 66. Qe5+
Kf8 67. Qc5+ Kg7 68. Qxg5+ Kf8 1/2-1/2

[Event "IV Weekend Hotel Corallo A"]
[Site "Imperia ITA"]
[Date "2009.11.21"]
[Round "2"]
[White "Tagliano, Maurizio"]
[Black "Mollero, Michele"]
[Result "0-1"]
[WhiteElo "1739"]
[BlackElo "2181"]
[PlyCount "92"]
[EventDate "2009.11.20"]

1. e4 e5 2. Nf3 Nf6 3. d3 Nc6 4. c3 d5 5. Nbd2 Bg4 6. Be2 Be7 7. O-O O-O 8. b4
Bxf3 9. Bxf3 d4 10. b5 dxc3 11. bxc6 cxd2 12. Qxd2 b6 13. Bb2 Bd6 14. d4 exd4
15. Qxd4 Re8 16. Rfe1 Be5 17. Qxd8 Raxd8 18. Bxe5 Rxe5 19. Rad1 Rxd1 20. Rxd1
Kf8 21. h3 g5 22. g3 h5 23. Bg2 g4 24. f4 gxf3 25. Bxf3 Ke7 26. Kg2 Rc5 27. Rd2
Ke6 28. g4 hxg4 29. hxg4 Ke5 30. g5 Nxe4 31. Re2 Rc4 32. Bh5 f5 33. Be8 Rc3 34.
g6 Kf6 35. Kh2 Nd6 36. g7 Kxg7 37. Bh5 Rxc6 38. Rg2+ Kf6 39. Bf3 Rc3 40. Bd1
Ne4 41. Bb3 f4 42. Rg8 f3 43. Rf8+ Ke5 44. Bd1 f2 45. Re8+ Kf4 46. Rf8+ Ke3 0-1

[Event "IV Weekend Hotel Corallo A"]
[Site "Imperia ITA"]
[Date "2009.11.21"]
[Round "2"]
[White "Tomassoni, Leonardo"]
[Black "Nanni, Sergio"]
[Result "1-0"]
[WhiteElo "1952"]
[BlackElo "1702"]
[PlyCount "123"]
[EventDate "2009.11.20"]

1. e4 e5 2. Nf3 Nc6 3. Bc4 Nf6 4. Ng5 d5 5. exd5 Na5 6. Bb5+ c6 7. dxc6 bxc6 8.
Ba4 Bc5 9. Qe2 O-O 10. d3 Ba6 11. O-O h6 12. Ne4 Bb6 13. Nbc3 Nd5 14. a3 Nxc3
15. Nxc3 Bd4 16. Qf3 Bxc3 17. bxc3 Rb8 18. Be3 Qc7 19. Qg3 Kh7 20. Rfe1 Bb5 21.
Bxb5 cxb5 22. Bd2 f6 23. Re4 Rf7 24. h4 Nc6 25. h5 f5 26. Qg6+ Kh8 27. Re2 Qd7
28. f4 Rf6 29. Qg3 e4 30. Qe3 Re8 31. Rae1 Qf7 32. Qh3 Rfe6 33. d4 Rf6 34. Bc1
Ne7 35. Kf2 Nd5 36. Rh1 Rc8 37. Bd2 Rfc6 38. Rb1 Nxc3 39. Bxc3 Rxc3 40. Qh4
Rxc2 41. Rbe1 Qa2 42. Qe7 Qd5 43. Qxa7 Rxe2+ 44. Rxe2 Re8 45. Qc5 Qd8 46. d5
Qh4+ 47. Kf1 Qxh5 48. d6 Qf7 49. Rc2 Qd7 50. Qb4 Rd8 51. Rd2 Kg8 52. Rd5 Rb8
53. Re5 Rb6 54. Rd5 Kf7 55. a4 Ke6 56. Re5+ Kf6 57. Rd5 Qc6 58. Qb2+ Kg6 59.
Qe5 Qc1+ 60. Kf2 Qc2+ 61. Kg1 Qc1+ 62. Kh2 1-0

[Event "IV Weekend Hotel Corallo A"]
[Site "Imperia ITA"]
[Date "2009.11.21"]
[Round "3"]
[White "Biancotti, Alessandro"]
[Black "Restifo, Katiuscia"]
[Result "1/2-1/2"]
[WhiteElo "1912"]
[BlackElo "1778"]
[PlyCount "88"]
[EventDate "2009.11.20"]

1. e4 c5 2. Nf3 d6 3. d4 cxd4 4. Nxd4 Nf6 5. Nc3 e5 6. Ndb5 a6 7. Na3 b5 8. Nd5
Nxe4 9. Qf3 f5 10. Bd3 Ra7 11. Bxe4 fxe4 12. Qxe4 g6 13. h4 Bf5 14. Qe2 h6 15.
Be3 Rb7 16. c4 b4 17. Nc2 Nc6 18. Bd2 Bxc2 19. f4 Be7 20. Bc1 Bxh4+ 21. Kd2 h5
22. Qe3 b3 23. Qh3 Be7 24. axb3 Bf5 25. g4 Bxg4 26. Qg2 Qd7 27. Rxa6 Qf5 28.
Ne3 Qc8 29. Rxc6 Qa8 30. Rb6 Qa5+ 31. Kc2 Qxb6 32. Nxg4 Qxb3+ 33. Kd2 Qb4+ 34.
Kd1 Qb3+ 35. Ke1 Qb4+ 36. Kd1 Rc7 37. Qa8+ Kd7 38. Qd5 Kd8 39. Nxe5 Qb3+ 40.
Ke1 Qg3+ 41. Kf1 Rf8 42. Qa8+ Rc8 43. Qa5+ Rc7 44. Qa8+ Rc8 1/2-1/2

[Event "IV Weekend Hotel Corallo A"]
[Site "Imperia ITA"]
[Date "2009.11.21"]
[Round "3"]
[White "Faraci, Antonino"]
[Black "Barletta, Mauro"]
[Result "0-1"]
[WhiteElo "1996"]
[BlackElo "2210"]
[PlyCount "58"]
[EventDate "2009.11.20"]

1. e4 d5 2. e5 c5 3. Nf3 Nc6 4. Bb5 Qb6 5. Nc3 e6 6. O-O Nh6 7. d3 Bd7 8. a4 a6
9. Bxc6 Bxc6 10. Re1 Nf5 11. b3 h6 12. g4 Ne7 13. a5 Qc7 14. Ne2 h5 15. g5 d4
16. Ng3 h4 17. Ne4 Ng6 18. Bd2 O-O-O 19. Qc1 Nxe5 20. Nxe5 Qxe5 21. f3 Qf5 22.
Rf1 f6 23. b4 cxb4 24. Rb1 Rh5 25. Bxb4 Bxb4 26. Rxb4 Bxe4 27. dxe4 Qxg5+ 28.
Qxg5 Rxg5+ 29. Kh1 Rxa5 0-1